Investigación evaluativa: métodos para determinar la eficiencia de los programas de acción

Na minha lista:
Detalhes bibliográficos
Autor principal: Weiss, Carol H (Author)
Formato: Livro
Idioma:espanhol
Publicado em: Ciudad de México Trillas 1990
Edição:2a. ed
Assuntos:
Tags: Adicionar Tag
Sem tags, seja o primeiro a adicionar uma tag!

MARC

LEADER 00000nam a2200000 a 4500
001 UCR6464
003 CL-VaPUC
008 980423e19900000MX |||||||||||||||||spa|d
020 |a 9682433533 
082 0 4 |a 001.433  |b WEI  |2 21 
100 0 |a Weiss, Carol H  |e author  |9 407524 
245 1 0 |a Investigación evaluativa: métodos para determinar la eficiencia de los programas de acción 
250 |a 2a. ed 
300 |a 183 p 
942 |c BK 
945 |d 19980423 00:00:00  |a lriquelm 
260 |a Ciudad de México  |b Trillas  |c 1990 
650 0 |a Investigación científica  |9 259857 
650 0 |a Ciencias sociales   |9 256351 
650 0 |a Ciencias sociales  |v Investigación  |9 307767 
650 0 |a Métodos de investigación   |9 262618 
583 |a last modification  |c 20121104 08:41:18  |k Rodrigo Vera 
999 |c 268548  |d 268546 
952 |0 0  |1 0  |4 0  |6 001_433000000000000_WEI_1990  |7 0  |8 A  |9 301742  |a BIBGIM  |b BIBGIM  |d 2019-11-20  |i 2956853  |o 001.433 WEI 1990  |p 2956853  |r 2025-01-15  |w 2019-11-20  |y BK  |k SSL 
952 |0 0  |1 0  |4 0  |6 001_433000000000000_WEI_1990  |7 0  |8 A  |9 301743  |a BIBGIM  |b BIBGIM  |d 2019-11-20  |i 2731479  |l 3  |o 001.433 WEI 1990  |p 2731479  |r 2025-01-15  |s 2024-07-04  |w 2019-11-20  |y BK  |k SSL 
952 |0 0  |1 0  |4 0  |6 001_433000000000000_WEI_1990  |7 0  |8 A  |9 301744  |a BIBTEO  |b BIBTEO  |d 2019-11-20  |i 2961547  |o 001.433 WEI 1990  |p 2961547  |r 2025-01-17  |w 2019-11-20  |y BK  |k ICR